Biblioteka Instytutu Północnego w Olsztynie

Widok standardowy Widok MARC

Pozycja Corporate Name

Liczba rekordów, w których użyto hasła: 1

001 - Numer kontrolny

  • control field: 37662

003 - Identyfikator numeru kontrolnego

  • control field: NUKAT

005 - Data i czas ostatniej modyfikacji

  • control field: 20260309124355.0

008 - Dane kontrolne kodowane (40 znaków)

  • fixed length control field: 951013n||a|znnaabn |a ana |c

010 ## - Numer kontrolny Biblioteki Kongresu

  • numer kontrolny LC: n 95102586

024 7# - OTHER STANDARD IDENTIFIER

  • Standard number or code: 158725229
  • Source of number or code: viaf

024 7# - OTHER STANDARD IDENTIFIER

  • Standard number or code: 0000000105896633
  • Source of number or code: isni

040 ## - Instytucja sporządzająca rekord

  • inst. przygot. dane do rek. khw: GD U/MR
  • język haseł przedmiotowych/tezaurus: kaba
  • inst. wprow. rek. khw: GD U/MRc
  • inst. modyf. rek. khw: GD U/MR
  • inst. modyf. rek. khw: KR U/bs
  • inst. modyf. rek. khw: Ł U/RRs
  • inst. modyf. rek. khw: WR O/EJ
  • inst. modyf. rek. khw: WR O/GW

110 2# - Hasło - nazwa ciała zbiorowego

  • nazwa ciała zbior. lub geogr. na pocz.: Zrzeszenie Kaszubsko-Pomorskie.
  • nazwa jednostki podrzędnej: Zarząd Główny.

410 2# - Trop zob. - nazwa ciała zbiorowego

  • nazwa ciała zbior. lub geogr. na pocz.: Zarząd Główny Zrzeszenia Kaszubsko-Pomorskiego.

410 2# - Trop zob. - nazwa ciała zbiorowego

  • nazwa ciała zbior. lub geogr. na pocz.: Zarząd òglowi kaszëbsko-pòmòrsczégò zrzeszeniô.

410 2# - Trop zob. - nazwa ciała zbiorowego

  • nazwa ciała zbior. lub geogr. na pocz.: Kaszëbsko-Pòmòrsczé Zrzeszenié.
  • nazwa jednostki podrzędnej: Zarząd Òglowi.

410 2# - Trop zob. - nazwa ciała zbiorowego

  • nazwa ciała zbior. lub geogr. na pocz.: Kaszëbsko-Pòmòrsczé Zrzeszenié.
  • nazwa jednostki podrzędnej: Òglowi Zarząd.

510 2# - Trop zob. też - nazwa ciała zbiorowego

  • podpole kontrolne: a
  • nazwa ciała zbior. lub geogr. na pocz.: Zrzeszenie Kaszubskie.
  • nazwa jednostki podrzędnej: Zarząd Główny.

665 ## - Nota historyczna

  • nota historyczna: Zrzeszenie Kaszubskie wraz z zarządem powst. w 1956. W 1965 zmiana nazwy na: Zrzeszenie Kaszubsko - Pomorskie.

670 ## - Źródło informacji

  • źródło informacji: SPTN

670 ## - Źródło informacji

  • źródło informacji: Stegna. - 1 (2006).

670 ## - Źródło informacji

  • źródło informacji: W krôjnie kaszëbsczich brawãdów / red. i wëbiér brawãdów: Bòżena Ùgòwskô. - Gduńsk, 2018
Biblioteka Instytutu Północnego, ul. Partyzantów 87, 10-402 Olsztyn, email: biblioteka(at)ip.olsztyn.pl